What think ye of Christ? : (Record no. 47880)
[ view plain ]
| 000 -LEADER | |
|---|---|
| fixed length control field | 01126cam a2200241Ii 4500 |
| 001 - CONTROL NUMBER | |
| control field | 573863 |
| 003 - CONTROL NUMBER IDENTIFIER | |
| control field | OCoLC |
| 005 - DATE AND TIME OF LATEST TRANSACTION | |
| control field | 20190823154403.0 |
| 008 - FIXED-LENGTH DATA ELEMENTS--GENERAL INFORMATION | |
| fixed length control field | 730307s1965 scu 000 0 eng d |
| 035 ## - SYSTEM CONTROL NUMBER | |
| System control number | (OCoLC)573863 |
| 040 ## - CATALOGING SOURCE | |
| Original cataloging agency | KSU |
| Language of cataloging | eng |
| Transcribing agency | KSU |
| Modifying agency | OCL |
| -- | SGB |
| -- | OKR |
| -- | OCLCQ |
| -- | OCLCF |
| -- | OCLCQ |
| -- | AKO |
| 049 ## - LOCAL HOLDINGS (OCLC) | |
| Holding library | AKOA |
| 100 1# - MAIN ENTRY--PERSONAL NAME | |
| Personal name | Greene, Oliver B. |
| 245 10 - TITLE STATEMENT | |
| Title | What think ye of Christ? : |
| Remainder of title | and other sermons / |
| Statement of responsibility, etc | by Oliver B. Greene. |
| 260 ## - PUBLICATION, DISTRIBUTION, ETC. (IMPRINT) | |
| Place of publication, distribution, etc | Greenville, S.C. : |
| Name of publisher, distributor, etc | Gospel Hour, Inc., |
| Date of publication, distribution, etc | 1965. |
| 300 ## - PHYSICAL DESCRIPTION | |
| Extent | 207 pages ; |
| Dimensions | 20 cm. |
| 336 ## - CONTENT TYPE | |
| Content Type Term | text |
| Content Type Code | txt |
| Source | rdacontent. |
| 337 ## - MEDIA TYPE | |
| Media Type Term | unmediated |
| Media Type Code | n |
| Source | rdamedia. |
| 338 ## - CARRIER TYPE | |
| Carrier Type Term | volume |
| Carrier Type Code | nc |
| Source | rdacarrier. |
| 505 00 - FORMATTED CONTENTS NOTE | |
| Title | What think ye of Christ? -- |
| -- | When all language breaks down -- |
| -- | Faith that saves -- |
| -- | Lord is my shepherd -- |
| -- | Threefold blessing of salvation -- |
| -- | Believers and unbelievers : their future -- |
| -- | Assurance -- |
| -- | Our worries : Christ's peace -- |
| -- | Mark of true discipleship -- |
| -- | Put that on my account -- |
| -- | God's heroes -- |
| -- | Word from outer space -- |
| -- | Young man with an MMM degree -- |
| -- | Whose soever sins ye remit -- |
| -- | No short cut. |
| 650 #0 - SUBJECT ADDED ENTRY--TOPICAL TERM | |
| Topical term or geographic name as entry element | Evangelistic sermons. |
| 942 ## - ADDED ENTRY ELEMENTS (KOHA) | |
| Source of classification or shelving scheme | Library of Congress Classification |
| Item type | Books |
| Withdrawn status | Lost status | Source of classification or shelving scheme | Damaged status | Not for loan | Home library | Current library | Shelving location | Date acquired | Inventory number | Total Checkouts | Full call number | Barcode | Date last seen | Price effective from | Koha item type |
|---|---|---|---|---|---|---|---|---|---|---|---|---|---|---|---|
| Library of Congress Classification | BSOP Library | BSOP Library | GC | 08/23/2019 | 10373 | BV3797 G83 | 00017917 | 08/23/2019 | 08/23/2019 | Books |
